000 08267nam a22006857a 4500
005 20101206113148.0
010 _aHIN-91582 B-443573-604
020 _c135.00
_a9788121615204
035 _aHN-63928
035 _aB-443573-604
037 _bDBAD/VEN
037 _b के.के.पब्लिकेशंस
082 _a
100 _aमहीप सिंह
_937359
245 _aमहीप सिंह की यादगारी कहानियां /
_cमहीप सिंह;तेजपाल सिंह धागा द्वारा संपादित
246 _aMahip Singh ki Yaadgari Kahaniyan
_bby Mahip Singh
260 _aनई दिल्ली
_bहिन्द पॉकेट बुक्स
_c2010
270 _aजे-40, जोरबाग लेन
_bनई दिल्ली
_e110003
300 _a208पृ.
_c22सेमी (अजिल्द)
650 _aलघु कथाएँ, हिन्दी
_91169
700 _924599
_aधागा, तेजपाल सिंह
700 _925390
700 _925450
700 _925451
942 _2ddc
_cHN
_mमहीप
_h
999 _c50023
_d50023